| 000 | 00907nam a22002897a 4500 | ||
|---|---|---|---|
| 001 | 6764 | ||
| 003 | FISKH | ||
| 005 | 20250825135231.0 | ||
| 008 | 250526b cb ||||| |||| 00| 0 eng d | ||
| 020 | _a9780531071663 | ||
| 040 |
_aFISKH _beng _cFISKH _dFISKH |
||
| 050 | _aPS3558.O316 H87 | ||
| 082 | _a811.54 | ||
| 100 | _aHo, Minfong | ||
| 245 |
_aHush! a thai lullaby / _cby Minfong Ho ; Picture by Holly Meade |
||
| 260 |
_aNew York : _bOrchard Book, _c1996. |
||
| 300 |
_a32 unnumbered pages : _bcolor illustrations ; _c26 cm |
||
| 505 | _aO | ||
| 520 | _aA lullaby which asks animals such as a lizard, monkey, and water-buffalo to be quiet and not disturb the sleeping baby. | ||
| 521 | 8 |
_a600
_bLexile AD |
|
| 521 | 8 |
_aO
_bRaz-Plus |
|
| 600 | _2babies | ||
| 650 |
_aBabies _vAsia _xBedtime |
||
| 700 |
_aMeade, Holly _eillustrator |
||
| 942 |
_2ddc _cBK _n0 |
||
| 999 |
_c6764 _d6764 |
||